Človek a kultúra : Celostnosť človeka ako kritérium kultúrnych hodnôt/

Salvato in:
Dettagli Bibliografici
Autore principale: Čičilla, Martin (Autore)
Natura: Libro
Lingua:slovacco
Pubblicazione: Bratislava : Vydavateľstvo Pallas, n.p., 1978
Edizione:1. vydanie
Soggetti:
Tags: Aggiungi Tag
Nessun Tag, puoi essere il primo ad aggiungerne!!

MARC

LEADER 00000nam a22000003a 4500
001 0108667
003 SK-STU
005 20240312111324.0
007 ta
008 240312s ----xo-----e------000-0-----d
040 |a STU  |b slo 
041 0 |a slo 
044 |a xo 
100 1 |a Čičilla, Martin  |4 aut 
245 1 0 |a Človek a kultúra :  |b Celostnosť človeka ako kritérium kultúrnych hodnôt/  |c aut. Martin Čičilla 
250 |a 1. vydanie 
260 |a Bratislava :  |b Vydavateľstvo Pallas, n.p.,  |c 1978 
300 |a 179 s. 
650 0 7 |a človek 
650 0 7 |a kultúra 
650 0 7 |a spoločnosť 
650 0 7 |a dejiny a teória umenia 
650 0 7 |a grécka antická filozofia 
650 0 7 |a filozofia umenia 
650 0 7 |a výtvarné umenie 
996 |b 284AU09962  |c A* 13330/U  |l AAKNAR  |s A  |a 24  |w 0108667_0001